| 000 | 00750nas a2200265 4500 | ||
|---|---|---|---|
| 001 | BR2012006325 | ||
| 003 | BR-BrBNA | ||
| 005 | 20231205121039.0 | ||
| 007 | ta | ||
| 008 | 230509b bl.|||p| |||| 00| 00por d | ||
| 040 |
_aBR-BrBNA _bpor _cBiblioteca Nacional de Agricultura |
||
| 041 | _a(Pt) | ||
| 072 | _aL73 | ||
| 100 | 1 | _aFarias, M.R. de | |
| 100 | 1 | _aPachaly, J.R. | |
| 245 | 1 | _aAtlas de dermatologia veterinária - Esporotricose | |
| 650 | _aGATO | ||
| 650 | _aDOENÇA ANIMAL | ||
| 650 | _aESPOROTRICOSE | ||
| 650 | _aSPOROTRIX SCHENCKII | ||
| 650 | _aFUNGO | ||
| 773 | 0 |
_tMedvep Dermato (Brazil) _xISSN 2237-2768 _g(Oct-Dec 2011), v.1(1) p. 6-8 _wBR2012006325 |
|
| 909 |
_a202311 _bLúcia _c55 _dLúcia Elande |
||
| 942 |
_2AGRIS _n0 _cANA |
||
| 999 |
_c221592 _d221592 |
||